Statistics for Cavaliers Starting Shooting Guards of the Last 10 Years

Click here to take the quiz!

General Stats

  • This quiz has been taken 5 times
    (4 since last reset)
  • The average score is 6 of 36

Answer Stats

GamesYear(s)Before CavaliersPlayer% Correct
592023Utah JazzDonovan Mitchell
100%
2122015-19New York KnicksJ.R. Smith
100%
52018, 2022-23Anadolu Efes (Turkey)Cedi Osman
67%
32018Chicago BullsDwyane Wade
67%
372015-17New York KnicksIman Shumpert
67%
292022-23Indiana PacersCaris LeVert
33%
552021-22AlabamaCollin Sexton
33%
82018-19Sacramento KingsGeorge Hill
33%
32018Boston CelticsJae Crowder
33%
82022Chicago BullsLauri Markkanen
33%
272018-19Utah JazzRodney Hood
33%
242019Utah JazzAlec Burks
0%
262019Houston RocketsBrandon Knight
0%
12019Chicago BullsCameron Payne
0%
332014Utah JazzC.J. Miles
0%
22021New York KnicksDamyean Dotson
0%
12020Utah JazzDante Exum
0%
592020VanderbiltDarius Garland
0%
22019Chicago BullsDavid Nwaba
0%
152017Sioux Falls SkyforceDeAndre Liggins
0%
272014-15SyracuseDion Waiters
0%
762021-23AuburnIsaac Okoro
0%
22016Idaho StampedeJared Cunningham
0%
212014Golden State WarriorsJarrett Jack
0%
12015VirginiaJoe Harris
0%
22016-17Phoenix SunsJordan McRae
0%
12020USCKevin Porter Jr.
0%
42018Atlanta HawksKyle Korver
0%
12023Penn StateLamar Stevens
0%
132014-15, 2020Saint Mary'sMatthew Dellavedova
0%
12017Chicago BullsMike Dunleavy Jr.
0%
52015Memphis GrizzliesMike Miller
0%
32016-17Dallas MavericksRichard Jefferson
0%
42022Minnesota TimberwolvesRicky Rubio
0%
12014Triumph Lyubertsy (Russia)Sergey Karasev
0%
212015Dallas MavericksShawn Marion
0%

Score Distribution

Percentile by Number Answered

Percent of People with Each Score

Your Score History

You have not taken this quiz since the last reset